Rubber compounding: Principles, materials and techniques (Record no. 41003)

MARC details
000 -LEADER
fixed length control field 00561nam a2200217Ia 4500
082 ## - DEWEY DECIMAL CLASSIFICATION NUMBER
Classification number NR:62:678.023
Item number BAR;1
100 ## - MAIN ENTRY--AUTHOR NAME
Personal name Fred W
245 #0 - TITLE STATEMENT
Title Rubber compounding: Principles, materials and techniques
250 ## - EDITION STATEMENT
Edition statement Ed.2
260 ## - PUBLICATION, DISTRIBUTION, ETC. (IMPRINT)
Place of publication New York
Name of publisher Marcel Dekker
Year of publication 1993
650 ## - SUBJECT ADDED ENTRY--TOPICAL TERM
Topical Term Accelerators
650 ## - SUBJECT ADDED ENTRY--TOPICAL TERM
Topical Term Activators
650 ## - SUBJECT ADDED ENTRY--TOPICAL TERM
Topical Term Carbon black
650 ## - SUBJECT ADDED ENTRY--TOPICAL TERM
Topical Term Non black filler
650 ## - SUBJECT ADDED ENTRY--TOPICAL TERM
Topical Term Plasticizers
650 ## - SUBJECT ADDED ENTRY--TOPICAL TERM
Topical Term Retarders
650 ## - SUBJECT ADDED ENTRY--TOPICAL TERM
Topical Term Softeners
650 ## - SUBJECT ADDED ENTRY--TOPICAL TERM
Topical Term Vulcanizing agents
942 ## - ADDED ENTRY ELEMENTS (KOHA)
Koha item type Books
Holdings
Withdrawn status Lost status Damaged status Not for loan Home library Current library Date acquired Cost, normal purchase price Full call number Accession Number Koha item type
        RRII Library RRII Library 16/12/2021 135.00 NR:62:678.023 BAR;1 21296 Books